Normal view MARC view

Entry Uniform Title

Number of records used in: 1

001 - CONTROL NUMBER

  • control field: 35224

003 - CONTROL NUMBER IDENTIFIER

  • control field: dpl

005 - DATE AND TIME OF LATEST TRANSACTION

  • control field: 20111004120710.0

008 - FIXED-LENGTH DATA ELEMENTS

  • fixed length control field: 111004|||a|||||| | ||| d

040 ## - CATALOGING SOURCE

  • Original cataloging agency: dpl
  • Transcribing agency: dpl

130 ## - HEADING--UNIFORM TITLE

  • Uniform title: लोकोपयोगी विज्ञान

670 ## - SOURCE DATA FOUND

  • Source citation: Work cat.: (dpl)57271: 23632 चौधरी,राम दास, विज्ञान का क्रमिक विकास वैश्विक परिप्रेक्ष्य में /, 2011

670 ## - SOURCE DATA FOUND

  • Source citation: Work cat.: (dpl)57271: 23632 चौधरी,राम दास, विज्ञान का क्रमिक विकास वैश्विक परिप्रेक्ष्य में /, 2011

© Delhi Public Library
Hit Counter
free hit counter